Control systems engineering / (Record no. 165012)

MARC details
000 -LEADER
fixed length control field 00793nam a22002297a 4500
005 - DATE AND TIME OF LATEST TRANSACTION
control field 20190715114556.0
010 ## - LCCN (DPL NO)
LC control number B-728360
020 ## - INTERNATIONAL STANDARD BOOK NUMBER
International Standard Book Number 9789386070111
Terms of availability 599.00
035 ## - SYSTEM CONTROL NUMBER
System control number B-728360
037 ## - SOURCE OF ACQUISITION
Source of stock number/acquisition RK Books
082 ## - DEWEY DECIMAL CLASSIFICATION NUMBER
Classification number 629.8312
100 ## - MAIN ENTRY--PERSONAL NAME
Personal name Nagrath,I. J.
245 ## - TITLE STATEMENT
Title Control systems engineering /
Statement of responsibility, etc by I. J. Nagrath [and] M Gopal
250 ## - EDITION STATEMENT
Edition statement 6th ed
260 ## - PUBLICATION, DISTRIBUTION, ETC. (IMPRINT)
Place of publication, distribution, etc New Delhi
Name of publisher, distributor, etc New Age International
Date of publication, distribution, etc 2019 (repr.)
270 ## - ADDRESS
Address 7/30 A, Daryaganj
City New Delhi
Postal code 110002
300 ## - PHYSICAL DESCRIPTION
Extent xiii, 901p.:
Dimensions 24cm(pbk)
Other physical details ill.
500 ## - GENERAL NOTE
General note includes index
700 ## - ADDED ENTRY--PERSONAL NAME
Personal name M Gopal
942 ## - ADDED ENTRY ELEMENTS (KOHA)
Source of classification or shelving scheme Dewey Decimal Classification
Item type English Books
Call number suffix NAG
Classification part 629.8312
Holdings
Withdrawn status Lost status Not for loan Collection code Home library Current library Date acquired Source of acquisition Cost, normal purchase price Full call number Barcode Copy number Cost, replacement price Koha item type
      Non-fiction Vinoba Puri Vinoba Puri 03/06/2019 RK Books/IN393/2019-20/24-05-19/05/20-05-19/28-05-19 599.00 629.8312 NAG B-728360 1 599.00 English Books

© Delhi Public Library
Hit Counter
free hit counter